Statistics for Cities by Satellite #2

Click here to take the quiz!

General Stats

  • This quiz has been taken 19,929 times
  • The average score is 6 of 15

Answer Stats

Answer% Correct
Paris
88%
New York City
87%
San Francisco
60%
Toronto
53%
Seattle
46%
Hong Kong
45%
Tokyo
40%
Cape Town
37%
Mecca
31%
Naples
28%
St. Petersburg
28%
New Orleans
25%
Lagos
21%
Marseille
20%
Manila
18%

Score Distribution

Percentile by Number Answered

Percent of People with Each Score

Your Score History

You have not taken this quiz